<?xml version="1.0" encoding="UTF-8"?><?xml-stylesheet type="text/xsl" href="static/style.xsl"?><OAI-PMH xmlns="http://www.openarchives.org/OAI/2.0/" xmlns:xsi="http://www.w3.org/2001/XMLSchema-instance" xsi:schemaLocation="http://www.openarchives.org/OAI/2.0/ http://www.openarchives.org/OAI/2.0/OAI-PMH.xsd"><responseDate>2026-04-29T04:52:15Z</responseDate><request verb="GetRecord" identifier="oai:repisalud.isciii.es:20.500.12105/19694" metadataPrefix="marc">https://repisalud.isciii.es/rest/oai/request</request><GetRecord><record><header><identifier>oai:repisalud.isciii.es:20.500.12105/19694</identifier><datestamp>2024-09-27T16:35:28Z</datestamp><setSpec>com_20.500.12105_2052</setSpec><setSpec>com_20.500.12105_2051</setSpec><setSpec>col_20.500.12105_19608</setSpec></header><metadata><record xmlns="http://www.loc.gov/MARC21/slim" xmlns:dcterms="http://purl.org/dc/terms/" xmlns:doc="http://www.lyncode.com/xoai" xmlns:xsi="http://www.w3.org/2001/XMLSchema-instance" xsi:schemaLocation="http://www.loc.gov/MARC21/slim http://www.loc.gov/standards/marcxml/schema/MARC21slim.xsd">
   <leader>00925njm 22002777a 4500</leader>
   <datafield ind2=" " ind1=" " tag="042">
      <subfield code="a">dc</subfield>
   </datafield>
   <datafield ind2=" " ind1=" " tag="720">
      <subfield code="a">Peñuelas, Marina</subfield>
      <subfield code="e">author</subfield>
   </datafield>
   <datafield ind2=" " ind1=" " tag="720">
      <subfield code="a">Guerrero-Vadillo, María</subfield>
      <subfield code="e">author</subfield>
   </datafield>
   <datafield ind2=" " ind1=" " tag="720">
      <subfield code="a">Varela Martinez, Maria del Carmen</subfield>
      <subfield code="e">author</subfield>
   </datafield>
   <datafield ind2=" " ind1=" " tag="260">
      <subfield code="c">2023</subfield>
   </datafield>
   <datafield ind2=" " ind1=" " tag="520">
      <subfield code="a">Antecedentes/Objetivos: La giardiasis es una enfermedad intestinal de transmisión fecal-oral causada por Giardia duodenalis, de distribución mundial y baja dosis infectiva, que afecta a humanos y a animales domésticos y salvajes, de declaración obligatoria desde 2015. Se estima que > 50% de las infecciones son asintomáticas pero, si hay síntomas, prevalece la diarrea aguda, que puede cronificar. El grupo etario con incidencias más altas en todo el mundo es el de 1-4 años. Se evaluó la estacionalidad y la distribución de la incidencia acumulada por 100.000 habitantes (IA) por sexo y grupo etario durante 5 años con el objetivo de detectar cambios de tendencia y grupos de riesgo. Métodos: Se emplearon los casos notificados a la Red Nacional de Vigilancia Epidemiológica excluyendo los importados y residentes en el extranjero durante el periodo 2016-2019. Para el cálculo de IA anuales por grupo de edad (&lt; 1, 1-4, 5-14, 15-34, 35-64 y > 64 años) y sexo se utilizaron las bases de población del Instituto Nacional de Estadística a 1 de enero de cada año de aquellas CC. AA. que habían notificado esta enfermedad. Se calculó la razón de incidencia hombre/mujer (H/M) por grupo etario. Se evaluó la estacionalidad/ciclos mediante regresión cíclica. Resultados: Las IA más altas se registraron en el grupo de 1-4 años todos los años, siendo máximo en 2018 con IA = 73,32. Las IA más bajas ocurrieron en el grupo de > 64 años todos los años, con valor máximo de IA = 2,98 en 2019. Las IA fueron mínimas para todos los grupos de edad en 2020 (rango 0,99 en > 64 – 14 en 1-4 años). Las razones H/M fueron > 1 en todos los grupos en los años 2016, 2018 y 2021. En 2020 la razón H/M se aproximó a 1 para los grupos &lt; 1, 1-14 y > 64 años, pero se incrementó en los grupos de 15-34 y 35-64 años, en los que se observó una tendencia ascendente desde 2018, alcanzando un valor máximo de 2,1 para 15-34 años en 2021. Entre 2016 y 2019 se detectó una tendencia ascendente de casos, con estacionalidad y ciclos cada 6 meses que se pierde en 2020 y 2021. Conclusiones/Recomendaciones: Las IA fueron mínimas en 2020, no habiéndose recuperado las cifras prepandemia COVID-19 en 2021 ni la estacionalidad observada anteriormente. El grupo con mayor descenso de la IA fue de 1-4 años, aun siendo el grupo con mayores IA todos los años. En adultos &lt; 65 años, la razón H/M indicó una mayor incidencia en hombres durante todo el periodo, con tendencia al alza desde 2018 y especialmente desde 2020. Es recomendable vigilar los factores de riesgo asociados a la transmisión entre hombres adultos para dirigir la acción en Salud Pública.</subfield>
   </datafield>
   <datafield ind1="8" ind2=" " tag="024">
      <subfield code="a">Gac Sanit. 2023;37(S1):184-184.</subfield>
   </datafield>
   <datafield ind1="8" ind2=" " tag="024">
      <subfield code="a">http://hdl.handle.net/20.500.12105/19694</subfield>
   </datafield>
   <datafield ind1="8" ind2=" " tag="024">
      <subfield code="a">Gac Sanit.</subfield>
   </datafield>
   <datafield tag="653" ind2=" " ind1=" ">
      <subfield code="a">Giardiasis</subfield>
   </datafield>
   <datafield tag="653" ind2=" " ind1=" ">
      <subfield code="a">Giardia duodenalis</subfield>
   </datafield>
   <datafield tag="653" ind2=" " ind1=" ">
      <subfield code="a">Enfermedades de declaración obligatoria</subfield>
   </datafield>
   <datafield tag="653" ind2=" " ind1=" ">
      <subfield code="a">Enfermedades infecciosas</subfield>
   </datafield>
   <datafield tag="653" ind2=" " ind1=" ">
      <subfield code="a">Enfermedades digestivas</subfield>
   </datafield>
   <datafield tag="653" ind2=" " ind1=" ">
      <subfield code="a">Vigilancia epidemiológica</subfield>
   </datafield>
   <datafield ind2="0" ind1="0" tag="245">
      <subfield code="a">Giardiasis: análisis de la tendencia temporal y por grupos de edad y sexo durante el periodo 2016-2021</subfield>
   </datafield>
</record></metadata></record></GetRecord></OAI-PMH>